[Event "TUR-chT"]
[Site "Konya"]
[Date "2019.07.21"]
[Round "6.3"]
[White "Aydin, Hakan Arda"]
[Black "Eren, Ataberk"]
[Result "0-1"]
[WhiteElo "1956"]
[BlackElo "2295"]
[PlyCount "84"]
[EventDate "2019.07.17"]
[EventType "team-tourn"]
[EventRounds "13"]
[EventCountry "TUR"]
[SourceTitle "CBM 191 Extra"]
[Source "ChessBase"]
[SourceDate "2019.09.30"]
[SourceVersion "1"]
[SourceVersionDate "2019.09.30"]
[SourceQuality "1"]
[WhiteTeam "Kahramanmaras Buyuksehir"]
[BlackTeam "Bursa Buyuksehir"]
[WhiteTeamCountry "TUR"]
[BlackTeamCountry "TUR"]

1. e4 e6 2. d4 d5 3. Nd2 c5 4. exd5 exd5 5. Ngf3 a6 6. Be2 Nc6 7. 0-0 cxd4 8. Nb3 Nf6 9. Re1 Be7 10. Nbxd4 0-0 11. c3 h6 12. Bf4 Bc5 13. Qb3 Qb6 14. Qxb6 Bxb6 15. Bd3 Bd7 16. Rad1 Rfe8 17. Nf5 Rxe1+ 18. Rxe1 Nh5 19. Bd6 Bxf5 20. Bxf5 g6 21. Bc2 Rd8 22. Ba3 d4 23. cxd4 Nxd4 24. Nxd4 Rxd4 25. Rd1 Rf4 26. Rd2 Nf6 27. Bd6 Rc4 28. b3 Rc6 29. Ba3 Ng4 30. Bd1 Nxf2 31. Rxf2 Rf6 32. Bf3 g5 33. Bb2 Rf5 34. Kf1 Bxf2 35. Kxf2 g4 36. Kg3 gxf3 37. gxf3 Rg5+ 38. Kf2 Rc5 39. Ke3 Rc2 40. Be5 Rxa2 41. Kd4 Rb2 42. Kc4 Rf2 0-1

[Event "TUR Cup"]
[Site "Antalya"]
[Date "2019.01.29"]
[Round "4"]
[White "Ince, Taylan Ruzgar"]
[Black "Aydin, Hakan Arda"]
[Result "1-0"]
[WhiteElo "1544"]
[BlackElo "1915"]
[PlyCount "79"]
[EventDate "2019.01.27"]
[EventType "swiss"]
[EventRounds "11"]
[EventCountry "TUR"]
[SourceTitle "CBM 188 Extra"]
[Source "ChessBase"]
[SourceDate "2019.02.26"]
[SourceVersion "1"]
[SourceVersionDate "2019.02.26"]
[SourceQuality "1"]

1. e4 e5 2. Nf3 Nc6 3. Bc4 Bc5 4. c3 Nf6 5. d3 d6 6. b4 Bb6 7. a4 a6 8. 0-0 0-0 9. Nbd2 Ne7 10. Re1 c6 11. Bb3 Ng6 12. Nc4 Bc7 13. a5 Be6 14. Be3 Bxc4 15. Bxc4 d5 16. exd5 cxd5 17. Bb3 Qd7 18. Ra2 Rfd8 19. Bc5 Qf5 20. g3 Nf8 21. Nh4 Qh3 22. Qf3 e4 23. dxe4 dxe4 24. Rxe4 Ne6 25. Bxe6 fxe6 26. Re1 Ng4 27. Qg2 Qxg2+ 28. Kxg2 e5 29. Nf3 Rd3 30. h3 Nf6 31. Nxe5 Rxc3 32. Nf3 Rd8 33. Rae2 Rdd3 34. Ng5 g6 35. Re8+ Nxe8 36. Rxe8+ Kg7 37. Re7+ Kg8 38. Rxc7 h6 39. Ne4 Rxc5 40. Nxc5 1-0

[Event "TUR Cup										"]
[Site "Antalya"]
[Date "2018.01.30"]
[Round "6"]
[White "Aydin, Hakan Arda"]
[Black "Sahin, Handenur"]
[Result "1/2-1/2"]
[WhiteElo "1654"]
[BlackElo "1965"]
[PlyCount "68"]
[EventDate "2018.01.27"]
[EventType "swiss"]
[EventRounds "11"]
[EventCountry "TUR"]
[SourceTitle "CBM 182 Extra"]
[Source "ChessBase"]
[SourceDate "2018.02.23"]
[SourceVersion "1"]
[SourceVersionDate "2018.02.23"]
[SourceQuality "1"]

1. e4 e5 2. Nf3 Nc6 3. d4 exd4 4. Nxd4 Nf6 5. Nc3 Bb4 6. Nxc6 bxc6 7. Bd3 d6 8. Bg5 h6 9. Bh4 Qe7 10. 0-0 g5 11. Bg3 Ng4 12. h3 Ne5 13. Qh5 Bc5 14. Kh2 Nxd3 15. cxd3 Ba6 16. Rfd1 Bd4 17. Rab1 Rg8 18. Ne2 Bf6 19. a4 Rb8 20. b4 Qe6 21. f4 Kd7 22. e5 gxf4 23. Nxf4 Qxe5 24. Qxf7+ Qe7 25. Qb3 Be5 26. Re1 Rxg3 27. Rxe5 dxe5 28. b5 Bxb5 29. Kxg3 exf4+ 30. Kh2 a6 31. Qc3 Rg8 32. axb5 axb5 33. Rb4 Qg5 34. Rd4+ Kc8 1/2-1/2

[Event "TUR-chT2"]
[Site "Konya"]
[Date "2017.07.15"]
[Round "9.9"]
[White "Aydin, Hakan Arda"]
[Black "Caputcuoglu, Zeki Berke"]
[Result "0-1"]
[WhiteElo "1776"]
[BlackElo "1797"]
[PlyCount "80"]
[EventDate "2017.07.09"]
[EventType "team-swiss"]
[EventRounds "9"]
[EventCountry "TUR"]
[SourceTitle "CBM 179 Extra"]
[Source "ChessBase"]
[SourceDate "2017.08.23"]
[SourceVersion "1"]
[SourceVersionDate "2017.08.23"]
[SourceQuality "1"]
[WhiteTeam "Uludag Univ"]
[BlackTeam "Anadolu Besiktasililar"]
[WhiteTeamCountry "TUR"]
[BlackTeamCountry "TUR"]

1. e4 e5 2. Nf3 Nc6 3. d4 exd4 4. Nxd4 Nf6 5. Nc3 Bb4 6. Nxc6 bxc6 7. Bd3 0-0 8. 0-0 d5 9. exd5 cxd5 10. Bg5 c6 11. Qf3 Be7 12. Rfe1 Be6 13. h3 Rb8 14. Na4 h6 15. Bf4 Bd6 16. Qe3 Bxf4 17. Qxf4 Qa5 18. b3 c5 19. c4 Rbd8 20. Rad1 dxc4 21. Bxc4 Rd4 22. Qe5 Rxd1 23. Rxd1 Bxc4 24. Qxc5 Qxc5 25. Nxc5 Bd5 26. Nd7 Nxd7 27. Rxd5 Rd8 28. a4 Kf8 29. Rd3 Ke7 30. Re3+ Kd6 31. Rd3+ Kc7 32. Rc3+ Kb6 33. Rd3 a5 34. f4 Kc6 35. Rc3+ Nc5 36. g4 Rd3 37. Rc4 Rxb3 38. Kg2 Rb4 39. Rc1 Rxa4 40. f5 Rb4 0-1

[Event "Cesme op 2nd"]
[Site "Cesme"]
[Date "2014.06.18"]
[Round "7"]
[White "Vatansever, Buse"]
[Black "Aydin, Hakan Arda"]
[Result "0-1"]
[WhiteElo "1654"]
[BlackElo "1632"]
[PlyCount "116"]
[EventDate "2014.06.14"]
[EventType "swiss"]
[EventRounds "9"]
[EventCountry "TUR"]
[SourceTitle "CBM 160 Extra"]
[Source "ChessBase"]
[SourceDate "2014.07.01"]
[SourceVersion "1"]
[SourceVersionDate "2014.07.01"]
[SourceQuality "1"]

1. e4 e5 2. Nf3 Nc6 3. Bb5 a6 4. Ba4 Nf6 5. d3 d6 6. c3 g6 7. 0-0 Bg7 8. h3 b5 9. Bc2 0-0 10. Nh2 d5 11. Qf3 h6 12. Ng4 Nxg4 13. hxg4 dxe4 14. dxe4 Qh4 15. Bd1 Be6 16. Be2 Rad8 17. Nd2 Kh7 18. Nb3 Ne7 19. Nc5 Bc8 20. a4 Rd6 21. axb5 axb5 22. g3 Qf6 23. Qxf6 Bxf6 24. Bxb5 Bxg4 25. Be3 Rb6 26. c4 c6 27. Nd3 Rbb8 28. Ba6 Be2 29. Nc5 Bxf1 30. Nd7 Bh3 31. Nxf8+ Rxf8 32. b4 Ra8 33. Ra5 Bd7 34. Bc5 Ng8 35. Bb7 Rb8 36. Ra7 Be8 37. Bb6 Bd8 38. Bc5 Bc7 39. Bxc6 Bxc6 40. Rxc7 Be8 41. Bd6 Rb6 42. Bc5 Rc6 43. Rxc6 Bxc6 44. f3 Nf6 45. Bd6 Nd7 46. b5 Ba8 47. c5 f6 48. Kf2 Kg7 49. Ke3 Kf7 50. Kd3 Ke6 51. Kc4 h5 52. Bc7 g5 53. Ba5 Nb8 54. Bc7 h4 55. gxh4 gxh4 56. Bxb8 h3 57. c6 h2 58. c7 Bb7 0-1

[Event "Cesme op 2nd"]
[Site "Cesme"]
[Date "2014.06.17"]
[Round "6"]
[White "Aydin, Hakan Arda"]
[Black "Ozcan, Kerem"]
[Result "1-0"]
[WhiteElo "1632"]
[BlackElo "1624"]
[PlyCount "59"]
[EventDate "2014.06.14"]
[EventType "swiss"]
[EventRounds "9"]
[EventCountry "TUR"]
[SourceTitle "CBM 160 Extra"]
[Source "ChessBase"]
[SourceDate "2014.07.01"]
[SourceVersion "1"]
[SourceVersionDate "2014.07.01"]
[SourceQuality "1"]

1. e4 c5 2. Nf3 e6 3. d4 cxd4 4. Nxd4 Nf6 5. Nc3 Nc6 6. Ndb5 d6 7. Bf4 e5 8. Bg5 a6 9. Na3 b5 10. Nd5 Be7 11. Bxf6 Bxf6 12. c3 Bg5 13. Nc2 Ne7 14. Ncb4 0-0 15. a4 Nxd5 16. Nxd5 bxa4 17. Rxa4 a5 18. Bc4 Kh8 19. 0-0 f5 20. f3 Bh6 21. Kh1 Rb8 22. b3 g5 23. Ra1 g4 24. exf5 gxf3 25. Qxf3 Rxf5 26. Qe4 Qg5 27. Bd3 Rxf1+ 28. Rxf1 Rb7 29. Nb6 Rd7 30. Nxd7 1-0

[Event "Kesan op 11th"]
[Site "Edirne"]
[Date "2013.08.30"]
[Round "7"]
[White "Ersahin, Bulent"]
[Black "Aydin, Hakan Arda"]
[Result "1/2-1/2"]
[WhiteElo "2193"]
[BlackElo "1573"]
[PlyCount "172"]
[EventDate "2013.08.26"]
[EventType "swiss"]
[EventRounds "9"]
[EventCountry "TUR"]
[SourceTitle "CBM 156 Extra"]
[Source "ChessBase"]
[SourceDate "2013.10.22"]
[SourceVersion "1"]
[SourceVersionDate "2013.10.22"]
[SourceQuality "1"]

1. Nf3 d5 2. g3 Nf6 3. Bg2 c6 4. 0-0 Bg4 5. d4 Nbd7 6. c4 e6 7. Qb3 Qb6 8. c5 Qxb3 9. axb3 Be7 10. b4 0-0 11. Nc3 Rfe8 12. Bf4 Nh5 13. Be3 Nhf6 14. b5 Bxf3 15. Bxf3 e5 16. b4 a6 17. bxc6 bxc6 18. Ra4 exd4 19. Bxd4 a5 20. b5 cxb5 21. Nxb5 Rec8 22. Rfa1 Nxc5 23. Rxa5 Rxa5 24. Rxa5 Nce4 25. Ra7 Bf8 26. Nc7 Rd8 27. Kg2 h6 28. e3 Bc5 29. Bxc5 Nxc5 30. Ra5 Nce4 31. Nxd5 Rxd5 32. Rxd5 Nxd5 33. Bxe4 Nf6 34. Bc2 Kf8 35. Kf3 Ke7 36. Kf4 Nh5+ 37. Ke5 Nf6 38. Bf5 Ne8 39. Bd3 Nf6 40. Bf5 Ne8 41. h4 Nd6 42. Bd3 Ne8 43. g4 Nf6 44. f3 Nd7+ 45. Kf5 Nc5 46. Bc4 Nd7 47. g5 hxg5 48. hxg5 f6 49. f4 Nf8 50. Bb3 g6+ 51. Kg4 f5+ 52. Kf3 Nd7 53. Ke2 Nc5 54. Bd5 Nd7 55. Kd2 Nf8 56. Kc3 Kd6 57. Kd4 Nd7 58. Bf7 Nf8 59. Bc4 Nd7 60. Ba6 Nf8 61. Bc8 Nh7 62. Kc4 Nf8 63. Kd3 Nh7 64. Kd4 Nf8 65. e4 fxe4 66. Kxe4 Nh7 67. Ba6 Ke7 68. Ke5 Kf8 69. Bd3 Kg7 70. Ke6 Nf8+ 71. Ke7 Nh7 72. Ke8 Nf8 73. Ke7 Nh7 74. Bc2 Nf8 75. Bb3 Nh7 76. Bf7 Nf8 77. Ke8 Nh7 78. Be6 Nf8 79. Ba2 Nh7 80. Bb1 Nf8 81. Bxg6 Nxg6 82. f5 Nh8 83. Ke7 Nf7 84. g6 Ne5 85. f6+ Kxg6 86. f7 Nxf7 1/2-1/2

[Event "Kesan op 11th"]
[Site "Edirne"]
[Date "2013.08.27"]
[Round "2"]
[White "Aydin, Hakan Arda"]
[Black "Ozen, Deniz"]
[Result "0-1"]
[WhiteElo "1573"]
[BlackElo "1835"]
[PlyCount "72"]
[EventDate "2013.08.26"]
[EventType "swiss"]
[EventRounds "9"]
[EventCountry "TUR"]
[SourceTitle "CBM 156 Extra"]
[Source "ChessBase"]
[SourceDate "2013.10.22"]
[SourceVersion "1"]
[SourceVersionDate "2013.10.22"]
[SourceQuality "1"]

1. e4 e5 2. Nf3 Nf6 3. Nxe5 d6 4. Nf3 Nxe4 5. d4 d5 6. Bd3 Bd6 7. 0-0 0-0 8. c4 c6 9. Nc3 Nxc3 10. bxc3 Bg4 11. h3 Bh5 12. Re1 Nd7 13. g4 Bg6 14. Bg5 Qc7 15. Qd2 Bxd3 16. Qxd3 h6 17. Be3 dxc4 18. Qxc4 Nb6 19. Qb3 Bf4 20. c4 Rae8 21. Rac1 f5 22. d5 fxg4 23. hxg4 Qf7 24. Bxb6 Bxc1 25. Rxe8 Rxe8 26. Bxa7 Qf4 27. c5 Qxg4+ 28. Kf1 Qh3+ 29. Kg1 Re4 30. Bb8 Bf4 31. dxc6+ Kh8 32. c7 Re1+ 33. Nxe1 Bh2+ 34. Kh1 Bg3+ 35. Kg1 Qh2+ 36. Kf1 Qxf2# 0-1